000
00277nam a2200109Ia 4500
008
220204s9999 xx 000 0 und d
082
_a
053
_b
SRI
100
_a
Srinivasan, M R
245
0
_a
Physics for engineers
260
_a
New Delhi
_b
New Age International
_c
2006
942
_c
BK
999
_c
42641
_d
42641